000 00692nam a2200181Ia 4500
008 151202s9999||||xx |||||||||||||| ||und||
082 _bPNVM-64657
100 _aइंगळे व.न.
245 _aज्ञानतपस्वी ( कर्मवीर जगदाळे ).
260 _bसाकेत प्रकाशन औरंगाबाद.
260 _c2006
300 _a496
600 _aइंगळे व.न.
630 _aज्ञानतपस्वी ( कर्मवीर जगदाळे ).
700 _aइंगळे व.न.
730 _aज्ञानतपस्वी ( कर्मवीर जगदाळे ).
942 _cBOOK
999 _c1331190
_d1331187